Loading...

Basic Electronics for scientists & Engineers

Bibliographic Details
Main Author: Eggleston
Published: Cambridge 2011
LEADER 00213 a2200097 4500
020
260 |b Cambridge  |c 2011 
942 |c BK  |6 _ 
245 |a Basic Electronics for scientists & Engineers  
100 |a Eggleston  
999 |c 61923  |d 61923